Dance Moms Universe - Casting - Statistiques

Statistiques générales
  • Ce quiz a été pris 5 fois
  • Le résultat moyen est 75 sur 132
Statistiques - réponses
Hint Réponse % Correct
Dance Moms Professeure Abby
100%
Dance MomsSaison 8 Professeure Abby
100%
Dance Moms Miami Mères Abby
100%
Dance Moms Danseuses Brooke
100%
Dance Moms Danseuses Chloé
100%
Dance Mums Danseuses Chloe
100%
Dance Mums Danseuses Chloe Sr.
100%
Dance Moms Mères Christi
100%
Dance Moms Assistante Gianna
100%
Dance MomsSaison 8 Assistante Gianna
100%
Dance Moms Mère Holly
100%
Dance Moms Danseuses JoJo
100%
Dance Moms Mères Kelly
100%
Dance Mums Mères Kelly
100%
Dance Moms Danseuses Kendall
100%
Dance Moms Danseuses Mackenzie
100%
Dance Moms Danseuses Maddie
100%
Dance Moms Mères Melissa
100%
Dance Moms Danseuses Nia
100%
Dance Moms Danseuses Paige
100%
Dance Moms Danseuses Vivi-Ann
100%
Dance MomsSaison 8 Mères Ann
75%
Dance Moms Danseuses Asia
75%
Dance MomsSelect Ensemble Danseuses Ava
75%
Dance Moms Danseuses Brynn
75%
Dance Moms Mères Cathy
75%
Dance MomsSaison 8 Danseur/ses GiaNina
75%
Dance Moms Mère Jessalynn
75%
Dance Moms Mère Jill
75%
Dance Moms Danseuses Kalani
75%
Dance Moms Miami Danseur/ses Mia
75%
Dance MomsSaison 8 Mères Adriana
50%
Dance MomsMini Team Danseuses Alexus
50%
Dance MomsMini Team Danseuses Alysa
50%
Dance MomsSaison 8 Mères Amanda
50%
Dance Moms Miami Professeurs Angel
50%
Dance Moms Miami Mères Anicia
50%
Dance MomsMini Team Danseuses Areana
50%
Dance MomsSaison 8 Mères Ashely
50%
Dance Moms : New Era Danseuses Ashlan
50%
Dance Moms Mères Ashlee
50%
Dance Moms : New Era Danseuses Audrey
50%
Dance Moms : New Era Danseuses Bellatrix
50%
Dance MomsSaison 8 Danseur/ses Berkleigh
50%
Dance MomsSaison 8 Danseur/ses Brady
50%
Dance Moms Miami Mères Brigette
50%
Dance Moms Danseuses Camryn
50%
Dance Moms Mères Christy
50%
Dance MomsSelect Ensemble Mères Christy
50%
Dance Moms : New Era Mères Corinne
50%
Dance Moms Miami Mères Debi
50%
Dance Moms : New Era Mères Domenica
50%
Dance MomsMini Team Danseuses Elliana
50%
Dance MomsSaison 8 Danseur/ses Elliana
50%
Dance MomsSaison 8 Mères Erin
50%
Dance Moms : New Era Danseuses Gina
50%
Dance Moms : New Era Professeure Gloria 'Miss Glo'
50%
Dance MomsSaison 8 Danseur/ses Hannah
50%
Dance Moms Miami Danseur/ses Hannah
50%
Dance Moms : New Era Danseuses Isabella 'Smiley'
50%
Dance MomsSelect Ensemble Danseuses Jade
50%
Dance Moms Mères Jaime
50%
Dance MomsSelect Ensemble Mères Jeannette
50%
Dance Moms Miami Danseur/ses Jessica 'Jessi'
50%
Dance Moms : New Era Mères Jing
50%
Dance MomsSaison 8 Mères Joanne
50%
Dance MomsSelect Ensemble Danseuses Kamryn
50%
Dance MomsSaison 8 Danseur/ses Kamryn
50%
Dance MomsMini Team Danseuses Kendyl
50%
Dance MomsMini Team Mères Kerri
50%
Dance Moms Miami Danseur/ses Kimberly 'Kimmy'
50%
Dance Moms Mère Kira
50%
Dance Moms Mères Kristie
50%
Dance MomsSaison 8 Mères Lakisha
50%
Dance Moms : New Era Danseuses Leilah
50%
Dance Moms Miami Mères Leonora
50%
Dance Moms Mères Leslie
50%
Dance Moms : New Era Mères Leslie
50%
Dance MomsMini Team Danseuses Lilliana
50%
Dance MomsSaison 8 Danseur/ses Lilliana
50%
Dance Moms : New Era Danseuses Lily
50%
Dance Mums Mères Lisa
50%
Dance Moms : New Era Mères Lisa
50%
Dance MomsSelect Ensemble Mères Loree
50%
Dance Moms Miami Danseur/ses Lucas
50%
Dance MomsMini Team Mères Lynn
50%
Dance Moms Danseuses Maesi
50%
Dance MomsMini Team Mères Mary
50%
Dance MomsSaison 8 Mères Michelle
50%
Dance Moms : New Era Mères Min
50%
Dance Moms : New Era Danseuses Mina
50%
Dance Moms Danseuses Payton
50%
Dance MomsMini Team Danseuses Peyton
50%
Dance MomsSaison 8 Danseur/ses Pressley
50%
Dance Moms : New Era Mères Roxce
50%
Dance Mums Danseuses Sam
50%
Dance Moms Miami Danseur/ses Sammy
50%
Dance Moms Danseuses Sarah
50%
Dance MomsSelect Ensemble Danseuses Sarah
50%
Dance MomsSelect Ensemble Danseuses Sarah
50%
Dance MomsSaison 8 Danseur/ses Sarah
50%
Dance MomsMini Team Mères Sari
50%
Dance MomsSaison 8 Danseur/ses Savannah
50%
Dance Moms Danseuses Sophia
50%
Dance MomsMini Team Mères Stacey
50%
Dance MomsSaison 8 Mères Stacey
50%
Dance Moms Miami Mères Susan
50%
Dance Moms : New Era Mères Tammi
50%
Dance MomsSelect Ensemble Danseuses Tea
50%
Dance MomsMini Team Mères Tiffany
50%
Dance MomsSaison 8 Mères Tricia
50%
Dance Moms Miami Professeurs Victor
50%
Dance MomsMini Team Mères Yolanda
50%
Dance MomsSaison 8 Mères Yolanda
50%
Dance Mums Danseuses Aleah
25%
Dance Moms Mères Camille
25%
Dance Mums Mères Carol
25%
Dance Mums Mères Charlotte
25%
Dance Mums Mères Danielle
25%
Dance Mums Danseuses Eleiyah
25%
Dance Mums Mères Helen
25%
Dance Moms Mère Jackie
25%
Dance Mums Professeur Jennifer
25%
Dance MomsSelect Ensemble Mères Jodi
25%
Dance Mums Danseuses Leah Rose
25%
Dance Mums Mères Maxine
25%
Dance Mums Danseuses Molly
25%
Dance MomsSaison 8 Danseur/ses Paris
25%
Dance Mums Mères Serena
25%
Dance MomsSelect Ensemble Mères Tami
25%
Dance Mums Danseuses Tayluer
25%
Dance MomsSelect Ensemble Mères Tracey
25%
Aucun quiz correspondant
Distribution des résultats
% des personnes avec chaque résultat
Percentile par nombre de réponses
Votre historique - résultats
Vous n’avez pas pris ce quiz